000 00550nam a2200181Ia 4500
008 090122s9999 xx 000 0 und d
082 _b12048
100 _aवरखेडकर
_bवि
_cवा
245 _aप्रतिनिधी
260 _bकॉन्टिनेन्टल
_c1997
300 _a351
501 _a"भेट, ज. प्र. भिडे"
600 _aवरखेडकर
630 _aप्रतिनिधी
700 _aवरखेडकर
730 _aप्रतिनिधी
942 _cBOOK
999 _c36125
_d36125